000 00471nam a22001457a 4500
008 151215b xxu||||| |||| 00| 0 eng d
020 _a9780521141062
050 _aB2430.L484M665 2011
100 _aMorgan, Michael L.
_921337
245 _aThe cambridge introduction to Emmanuel Levinas
_c/ by Michael L. Morgan
260 _aNew York
_bCambridge University Press
_c2011
300 _aix, 259p.
_c23cm.
600 _aLevinas, Emmanuel
_921338
942 _2lcc
_cMONOGRAPH
999 _c123886
_d123886